000 00307nam a2200109Ia 4500
008 171205s9999 xx 000 0 und d
020 _a9781422227671
100 _aSanna, Ellyn.
245 _cEllyn Sanna
_aCareers with Character Special Education Teacher
260 _bMason Crest
_c2014
300 _a96 pages
999 _c347430
_d347430